<?xml version="1.0" encoding="UTF-8"?><?xml-stylesheet type="text/xsl" href="static/style.xsl"?><OAI-PMH xmlns="http://www.openarchives.org/OAI/2.0/" xmlns:xsi="http://www.w3.org/2001/XMLSchema-instance" xsi:schemaLocation="http://www.openarchives.org/OAI/2.0/ http://www.openarchives.org/OAI/2.0/OAI-PMH.xsd"><responseDate>2026-04-14T17:09:02Z</responseDate><request verb="GetRecord" identifier="oai:uvadoc.uva.es:10324/40403" metadataPrefix="marc">https://uvadoc.uva.es/oai/request</request><GetRecord><record><header><identifier>oai:uvadoc.uva.es:10324/40403</identifier><datestamp>2024-06-14T11:39:59Z</datestamp><setSpec>com_10324_38</setSpec><setSpec>col_10324_852</setSpec></header><metadata><record xmlns="http://www.loc.gov/MARC21/slim" xmlns:doc="http://www.lyncode.com/xoai" xmlns:xsi="http://www.w3.org/2001/XMLSchema-instance" xmlns:dcterms="http://purl.org/dc/terms/" xsi:schemaLocation="http://www.loc.gov/MARC21/slim http://www.loc.gov/standards/marcxml/schema/MARC21slim.xsd">
<leader>00925njm 22002777a 4500</leader>
<datafield tag="042" ind1=" " ind2=" ">
<subfield code="a">dc</subfield>
</datafield>
<datafield tag="720" ind1=" " ind2=" ">
<subfield code="a">Barrigón Fernández, Víctor</subfield>
<subfield code="e">author</subfield>
</datafield>
<datafield tag="260" ind1=" " ind2=" ">
<subfield code="c">2019</subfield>
</datafield>
<datafield tag="520" ind1=" " ind2=" ">
<subfield code="a">La salida de Reino Unido de la Unión Europea (UE), conocida como Brexit, es un proceso político que implica la pérdida de su consideración como Estado miembro. Sin embargo, tiene, además, una serie de consecuencias sociales y económicas que hacen necesario su estudio y la búsqueda de soluciones a las mismas. El Brexit es una piedra en el camino para la integración europea iniciada en 1951. Es por ello que este trabajo busca explicar cómo se ha ido desarrollando (fase de negociaciones), los retos a los que se han enfrentado los países y los logros alcanzados (Acuerdo de Retirada) y un análisis futuro de sus consecuencias (posibles modelos de Reino Unido y los probables impactos económicos).</subfield>
</datafield>
<datafield tag="520" ind1=" " ind2=" ">
<subfield code="a">The United Kingdom’s exit from the European Union (EU), known as Brexit, is a &#xd;
political process that implies the loss of its status as a member state. However, it &#xd;
also has a series of social and economic consequences that make it necessary &#xd;
to study and find solutions to them. The Brexit is a stone in the way for the &#xd;
European integration initiated in 1951. That is why this work seeks to explain how &#xd;
it has developed (negotiation phase), the challenges that the countries have &#xd;
faced and the achievements (Withdrawal Agreement) and a future analysis of its &#xd;
consequences (the United Kingdom’s possible models and the probable &#xd;
economic impacts).</subfield>
</datafield>
<datafield tag="024" ind2=" " ind1="8">
<subfield code="a">http://uvadoc.uva.es/handle/10324/40403</subfield>
</datafield>
<datafield ind1=" " ind2=" " tag="653">
<subfield code="a">Gran Bretaña - Relaciones internacionales - Países de la Unión Europea</subfield>
</datafield>
<datafield ind1=" " ind2=" " tag="653">
<subfield code="a">Países de la Unión Europea - Relaciones exteriores - Gran Bretaña</subfield>
</datafield>
<datafield tag="245" ind1="0" ind2="0">
<subfield code="a">Las negociaciones UE-UK para el Brexit</subfield>
</datafield>
</record></metadata></record></GetRecord></OAI-PMH>